000 00465nam a22001577a 4500
999 _c121824
_d121824
005 20210403090507.0
008 210403b ||||| |||| 00| 0 eng d
040 _cPK-LaUMT
082 _aRHC 303.6250973
_bFAR-O
100 _aFaridi, F. R.
245 _aOperation enduring freedom or global supremacy /
_cby F. R. Faridi
260 _aNew Delhi :
_bMarkazi Maktaba Islami Publishers,
_cNA
300 _a236 p.
650 _aTerrorism-United States
942 _cBK